Effects of Stress on Testicular Steroidogenesis and Role of Antioxidant Supplementation / (Record no. 527986)

000 -LEADER
fixed length control field 00517nam a22001457a 4500
082 ## - DEWEY DECIMAL CLASSIFICATION NUMBER
Classification number 612
100 ## - MAIN ENTRY--PERSONAL NAME
Personal name Lodhi, Ghulam Mustafa
245 ## - TITLE STATEMENT
Title Effects of Stress on Testicular Steroidogenesis and Role of Antioxidant Supplementation /
Statement of responsibility, etc. Dr. Ghulam Mustafa Lodhi.
260 ## - PUBLICATION, DISTRIBUTION, ETC.
Place of publication, distribution, etc. Islamabad:
Name of publisher, distributor, etc. AMC - NUST,
Date of publication, distribution, etc. 2012.
300 ## - PHYSICAL DESCRIPTION
Extent 200 p. : ill. ;
Dimensions 30cm.
942 ## - ADDED ENTRY ELEMENTS (KOHA)
Source of classification or shelving scheme
Koha item type Thesis
650 ## - SUBJECT ADDED ENTRY--TOPICAL TERM
Topical term or geographic name entry element Physiology - Ph. D Thesis.
700 ## - ADDED ENTRY--PERSONAL NAME
Personal name Sup: Dr. Muhammad Aslam.
650 ## - SUBJECT ADDED ENTRY--TOPICAL TERM
-- 19485
700 ## - ADDED ENTRY--PERSONAL NAME
-- 19487
Holdings
Withdrawn status Lost status Source of classification or shelving scheme Damaged status Not for loan Permanent Location Current Location Shelving location Date acquired Full call number Barcode Date last seen Price effective from Non-public note Koha item type
          Central Library (CL) Central Library (CL) Thesis 08/24/2019 200 CLPT-603 08/24/2019 08/24/2019 Thesis
© 2023 Central Library, National University of Sciences and Technology. All Rights Reserved.